Economic impact analysis: methodology and applications (Record no. 217451)

MARC details
000 -LEADER
fixed length control field 00407nam a2200157Ia 4500
008 - FIXED-LENGTH DATA ELEMENTS--GENERAL INFORMATION
fixed length control field 230917s9999||||xx |||||||||||||| ||und||
020 ## - ISBN
Price FL45
040 ## - CATALOGING SOURCE
-- 14251
Original cataloging agency VIVEKANANDA LIBRARY
041 ## - Language
-- English
082 ## - DDC NUMBER
Classification number 330.9 P712E
100 ## - MAIN ENTRY--PERSONAL NAME
Personal name Pleeter, Saul, ed.
245 #0 - TITLE STATEMENT
Title Economic impact analysis: methodology and applications
260 ## - PUBLICATION, DISTRIBUTION, ETC. (IMPRINT)
Place of publication, distribution, etc Beston
Name of publisher, distributor, etc Martins Nijhoff
Date of publication, distribution, etc 1980
300 ## - PHYSICAL DESCRIPTION
Pages x,196 p.
942 ## - ADDED ENTRY ELEMENTS (KOHA)
Koha item type Books
Holdings
Withdrawn status Lost status Damaged status Not for loan Location (home branch) Sublocation or collection (holding branch) Date acquired Koha issues (times borrowed) Koha full call number Accession No. Koha date last seen Koha item type
        VIVEKANANDA LIBRARY VIVEKANANDA LIBRARY 08/08/2002   330.9 P712E 81976 17/09/2023 Books
© Designed and Maintained by Vivekananda Library, MDU Rohtak